002710000a220007300045001000023000002450080000233000047001037730047001501 aLeveen, Adriane B.10aVariations on a theme : Differing conceptions of memory in the book numbers aVol. 27, Núm 2 (2002), Páginas 201-2210 tJournal for the Study of the Old Testament